Código de legislación inmobiliaria, hipotecaria y del registro mercantil / (Record no. 18413)

MARC details
000 -LEADER
campo de control de longitud fija 00782nam a2200241 i 4500
001 - NÚMERO DE CONTROL
campo de control 18413
003 - IDENTIFICADOR DE NÚMERO DE CONTROL
campo de control ES-MaACL
005 - FECHA Y HORA DE LA ÚLTIMA TRANSACCIÓN
campo de control 20230906151831.0
007 - CAMPO FIJO DE DESCRIPCIÓN FÍSICA--INFORMACIÓN GENERAL
campo de control de longitud fija t|
008 - DATOS DE LONGITUD FIJA--INFORMACIÓN GENERAL
campo de control de longitud fija 011227s2001 sp ||||1| spa d
020 ## - NÚMERO INTERNACIONAL ESTÁNDAR DEL LIBRO
Número Internacional Estándar del Libro 84-470-1583-1
080 ## - NÚMERO DE LA CLASIFICACIÓN DECIMAL UNIVERSAL
Número de la Clasificación Decimal Universal 347.27(460)"19"(094.5)
080 ## - NÚMERO DE LA CLASIFICACIÓN DECIMAL UNIVERSAL
Número de la Clasificación Decimal Universal 347.714(460)(094.5)
245 00 - MENCIÓN DEL TÍTULO
Título Código de legislación inmobiliaria, hipotecaria y del registro mercantil /
Mención de responsabilidad, etc. José Manuel García García.
250 ## - MENCION DE EDICION
Mención de edición 3ª ed.
260 ## - PUBLICACIÓN, DISTRIBUCIÓN, ETC.
Lugar de publicación, distribución, etc. Madrid :
Nombre del editor, distribuidor, etc. Civitas,
Fecha de publicación, distribución, etc. 2001.
300 ## - DESCRIPCIÓN FÍSICA
Extensión 3087 p. ;
Dimensiones 25 cm.
500 ## - NOTA GENERAL
Materiales especificados Indice
650 #4 - PUNTO DE ACCESO ADICIONAL DE MATERIA--TÉRMINO DE MATERIA
Término de materia o nombre geográfico como elemento de entrada Hipotecas-
Subdivisión geográfica España-
Subdivisión de forma Legislación.
9 (RLIN) 13366
650 14 - PUNTO DE ACCESO ADICIONAL DE MATERIA--TÉRMINO DE MATERIA
Término de materia o nombre geográfico como elemento de entrada Registro mercantil-
Subdivisión geográfica España-
Subdivisión de forma Legislación.
9 (RLIN) 16770
700 1# - ENTRADA AGREGADA--NOMBRE PERSONAL
Nombre de persona García García, José Manuel (
Fechas asociadas al nombre 1942-)
9 (RLIN) 54664
852 ## - LOCALIZACIÓN
Ubicación ES-MaACL
Número de control de estantería L-15913
Sublocalización o colección R.131098
Holdings
Estatus retirado Estado de pérdida Estado de daño No para préstamo Biblioteca de origen Biblioteca actual Ubicación en estantería Fecha de adquisición Fuente de adquisición Total de préstamos Signatura topográfica completa Código de barras Visto por última vez Precio de reemplazo Tipo de ítem Koha
        Biblioteca del Ateneo de Madrid Biblioteca del Ateneo de Madrid Depósito 2 17/01/2008     L-15913 1018838 23/02/2023 23/02/2023 Libro impreso